00947 2200205 4500001002100000005001500021035002000036007000300056008004100059020001800100082001100118084001700129100001700146245007300163260003300236300004600269650001000315700002400325520039200349INLIS00000000000201320250307093536 a0010-0325000013ta250307 b 1 ind  a9789792915105 a398.24 a398.24 TED r0 aTedi Siswoko1 aRahasia punuk onci /cTedi Siswoko; Alih bahasa, Martiana Purwasanty aYogyakarta :bNyo-nyo,c2008 a23 hlm :bilust.,gambar,berwarna ;c23 cm 4aFabel0 aMartiana Purwasanty aOnci si onta cilik kalah dalam lomba lari melawan kucil si kuda kecil. Onci menduga bahwa punuk sebagi penyebab larinya menjadi lambat. Onci kemudian melepas punuk di punggungnya. Suatu hari, Onci bersama keluarganya pergi ke rumahy kakek dan nenek. Rumah mereka sangat jauh. Dalam perjalanan itu, Onci baru sadar bahwa punuk ternyata sangar bermanfaat. Apa sebenarnya fungis punuk onta?